Länder mit nuklearer Teilhabe & alle Atommächte - Statistiken

Allgemein
  • Dieses Quiz wurde 21 mal gespielt
  • Das Durchschnittsergebnis liegt bei 12 aus 14
Antwortstatistiken
Art der Länder nach Atomwaffen Länder % Korrekt
Mit Nuklearer Teilhabe Deutschland
100%
Atommächte Frankreich
100%
Atommächte Vereinigte Staaten
100%
Atommächte China
95%
Atommächte Nordkorea
95%
Atommächte Pakistan
95%
Atommächte Russland
95%
Atommächte Indien
90%
Mit Nuklearer Teilhabe Italien
90%
Atommächte Grossbritannien
85%
Atommächte Israel
80%
Mit Nuklearer Teilhabe Belgien
65%
Mit Nuklearer Teilhabe Niederlande
65%
Mit Nuklearer Teilhabe Türkei
45%
Keine übereinstimmenden Quizze gefunden
Verteilung der Resultate
Anzahl Personen mit jedem Resultat
Perzentil nach korrekt beantworteten Fragen
Ihre Resultats-Entwicklung
Sie haben dieses Quiz noch nicht gespielt